[Event "Leutersdorf Sparkasse op 13th"]
[Site "Leutersdorf"]
[Date "2009.02.13"]
[Round "2"]
[White "Roessler, Franziska"]
[Black "Zirnstein, Falk"]
[Result "0-1"]
[WhiteElo "950"]
[BlackElo "1699"]
[PlyCount "78"]
[EventDate "2009.02.13"]
[EventType "swiss"]
[EventRounds "7"]
[EventCountry "GER"]
[SourceTitle "CBM 128 Extra"]
[Source "ChessBase"]
[SourceDate "2009.03.05"]
[SourceVersion "2"]
[SourceVersionDate "2009.03.25"]
[SourceQuality "1"]

1. e4 e5 2. d4 exd4 3. c3 dxc3 4. Bc4 d6 5. Nxc3 Nf6 6. Nf3 Nc6 7. Bf4 Bg4 8. 0-0 Ne5 9. Be2 Bxf3 10. Bxf3 Be7 11. Be2 0-0 12. Nd5 Ng6 13. Be3 Nxe4 14. Bd3 Nf6 15. Bc2 Nxd5 16. Qxd5 c6 17. Qb3 b5 18. Qd3 a6 19. Bf4 d5 20. Rfe1 c5 21. b3 Bf6 22. Rad1 c4 23. bxc4 dxc4 24. Qf5 Qc8 25. Qh5 Re8 26. Re3 Rxe3 27. Bxe3 Qc6 28. Re1 Re8 29. Bf5 Bd4 30. Bxg6 hxg6 31. Qg5 Qc5 32. Qf4 c3 33. h3 Bxe3 34. fxe3 c2 35. Rf1 Qxe3+ 36. Kh1 Qxf4 37. Rxf4 c1Q+ 38. Rf1 Qxf1+ 39. Kh2 Re2 0-1